The American student's freedom of expression ; a research appraisal /

Bibliographic Details
Main Author: Williamson, E. G. (Edmund Griffith), 1900-1979
Other Authors: Cowan, John L.
Format: Book
Language:English
Published: Minneapolis : University of Minnesota Press, [1966]
Subjects:

MARC

Tag First Indicator Second Indicator Subfields
LEADER 00000cam a22000001 4500
001 in00000222012
005 20151009065850.0
008 740801s1966 mnua 00010 eng
010 |a  66029069  
035 |a (OCoLC)00176470 
035 |9 AAY4762AM 
040 |a DLC  |c DLC  |d TXA  |d UtOrBLW 
043 |a n-us--- 
049 |a TXAM  |c [482810] 
050 0 0 |a LA229  |b .W5 1966 
082 0 |a 378.19810973 
100 1 |a Williamson, E. G.  |q (Edmund Griffith),  |d 1900-1979. 
245 1 4 |a The American student's freedom of expression ;  |b a research appraisal /  |c by E. G. Williamson and John L. Cowan, with the editorial collaboration of R. George Crawford and Virginia Willems. 
264 1 |a Minneapolis :  |b University of Minnesota Press,  |c [1966] 
300 |a xi, 193 pages :  |b illustrations ;  |c 24 cm. 
336 |a text  |b txt  |2 rdacontent 
337 |a unmediated  |b n  |2 rdamedia 
338 |a volume  |b nc  |2 rdacarrier 
500 |a On cover: George Rockwell. Interracial marriage laws. Jail for C. O.'s. Petitions. Picketing. Martin Luther King. Censorship. Sit-ins. 
650 0 |a College students  |x Political activity  |z United States. 
650 0 |a Freedom of speech. 
700 1 |a Cowan, John L. 
999 |a MARS 
999 f f |s e9128ad8-0978-3551-8298-c37bf69c2b8c  |i 7407f2e5-b777-3f1c-b1ab-794f14b584d9  |t 0 
952 f f |p normal  |a Texas A&M University  |b College Station  |c Sterling C. Evans Library  |d Evans: Library Stacks  |t 0  |e LA229 .W5 1966  |h Library of Congress classification  |i unmediated -- volume  |m A14803219906 
998 f f |a LA229 .W5 1966  |t 0  |l Evans: Library Stacks